1360 1382 1393 1810 1998 1668 1471 1773 1050 1780 1725 1571 1458 1214 1083 1327 1729 1416 1631 1817 1245 1795 1028 1422 1152 1236 1929 1385 1584 1700 1336 1110 1736 1187 1753 1996 1490 1715 1357 1597 1340 1388 1640 1656 1372 1892 1381 1774 1529 1483 1966 1279 1268 1974 1132 1135 1403 1741 1296 1267 1752 1377 1160 1250 1111 1971 1212 1532 1244 1106 1075 1848 1766 1522 1986 1731 1947 1872 1257 1796 1856 1445 1015 1549 1482 1635 1898 1036 1072 1725 1346 1796 1562 1400 1789 1187 1962 1713 1609 BCNSPRNW ULIB Ver.6.0+V

เปลี่ยนเป็นภาษาไทย

Change to English
 แสดงรายละเอียดบรรณานุกรม
  กลับหน้าหลัก

Brief Record : Get Marc (ISO 2709) : E-mail record : QR code < ปิดหน้าต่าง
LEADER : 00000nam 2200000uu 4500
001    13399109463
003     ULIB
008    110401s2543||||th 000 0 tha d
020    9742938008
060 04 WX150^bพ361ม 2543
245 00 รายงานการวิจัยเรื่องภาพลักษณ์และกลยุทธ์การพัฒนาโรงพยาบาลชุมชนในสองทศวรรษหน้า :^bมุมมองของผู้ทรงคุณวุฒิ /^cปรีดา แต้อารักษ์ ... [และคนอื่นๆ]
246 14  มุมมองผู้ทรงคุณวุฒิบทสัมภาษณ์เพื่อกำหนดภาพลักษณ์และกลยุทธ์การพัฒนาโรงพยาบาลชุมชนในสองทศวรรษหน้า
246 30 ภาพลักษณ์และกลยุทธ์การพัฒนาโรงพยาบาลชุมชนในสองทศวรรษหน้า
260    นนทบุรี :^bสถาบันพระบรมราชชนก,^c2543
300    [13], 83 หน้า ;^c26 ซม.
490 0  ชุดรายงานการศึกษาโรงพยาบาลชุมชน
500    ชื่อเรื่องบนปก:มุมมองผู้ทรงคุณวุฒิบทสัมภาษณ์เพื่อกำหนดภาพลักษณ์และกลยุทธ์การพัฒนาโรงพยาบาลชุมชนในสองทศวรรษหน้า
650  7 การบริหารโรงพยาบาล^vวิจัย
650  7 การปฏิรูประบบสาธารณสุข^vวิจัย
650  7 โรงพยาบาลชุมชน^vวิจัย
650  7 วิจัย
700 0  ปรีดา แต้อารักษ์
710 2  สถาบันพระบรมราชชนก
945    ^p0^l0^i013556
995    ทศพร
999 ^a ใช้งานได้ทุกระบบ
รายการนี้ยังไม่มีแท็ก
คุณยังไม่ได้ล็อกอิน คุณสามารถมีกิจกรรมร่วมกับเว็บไซต์ได้ แต่ต้องล็อกอินก่อน ::
  ล็อกอิน

รายการสื่อสารสนเทศ

ลำดับที่ ประเภท เลขเรียก/บาร์โค้ด สถานที่ สถานะ
- ไม่พบข้อมูล -

รายการใกล้เคียง
    หัวเรื่อง [วิจัย]

BibComment


ยังไม่เคยถูกคอมเมนท์

คอมเมนท์ทรัพยากรรายการนี้
  คอมเมนท์: รายงานการวิจัยเรื..


 Copyright 2026. Bcnsprnw @Library